000 00286nam a22001337a 4500
008 181102b xxu||||| |||| 00| 0 eng d
020 _a9780801670664
041 _aeng
080 _a610.73
100 _a2
101 _aINF
245 _aCommunity CPR
_cCranston,R
942 _2udc
_cBK
999 _c51671
_d51671